[Event "Polugaevsky Memorial 2018"]
[Site "Samara"]
[Date "2018.07.12"]
[Round "3"]
[White "Postnikov, Daniil"]
[Black "Burmakin, Vladimir"]
[Result "0-1"]
[WhiteElo "2370"]
[BlackElo "2490"]
[Annotator "ChessBase"]
[PlyCount "128"]
[EventDate "2018.07.10"]
[EventType "swiss"]
[EventCountry "RUS"]
[SourceTitle "playchess.com"]
[Source "ChessBase"]
[SourceQuality "1"]
[TimeControl "40/5400+30:1800+30"]

1. e4 {[%emt 0:00:00]} d5 {[%emt 0:00:00]} 2. exd5 {[%emt 0:00:00]} Qxd5 {[%emt 0:00:00]} 3. Nc3 {[%emt 0:00:00]} Qd6 {[%emt 0:00:00]} 4. d4 {[%emt 0:02:01]} Nf6 {[%emt 0:00:25]} 5. Nf3 {[%emt 0:00:50]} c6 {[%emt 0:00:07]} 6. Bc4 {[%emt 0:07:38]} Be6 {[%emt 0:00:17]} 7. Bb3 {[%emt 0:00:37]} Bxb3 {[%emt 0:00:20]} 8. axb3 {[%emt 0:00:11]} e6 {[%emt 0:01:21]} 9. Ne5 {[%emt 0:03:49]} Be7 {[%emt 0:01:15]} 10. O-O {[%emt 0:11:49]} O-O {[%emt 0:00:19]} 11. Bf4 {[%emt 0:00:24]} Qd8 {[%emt 0:00:30]} 12. Qf3 {[%emt 0:03:38]} Nbd7 {[%emt 0:01:15]} 13. Rfd1 {[%emt 0:01:24]} Nd5 {[%emt 0:00:46]} 14. Nxd5 {[%emt 0:01:46]} exd5 {[%emt 0:00:06]} 15. Qg3 {[%emt 0:06:27]} Nf6 {[%emt 0:01:16]} 16. Bh6 {[%emt 0:03:38]} Ne8 {[%emt 0:00:13]} 17. Rd3 {[%emt 0:15:03]} f6 {[%emt 0:15:56]} 18. Nf3 {[%emt 0:03:46]} Kh8 {[%emt 0:20:18]} 19. Bf4 {[%emt 0:04:16]} g5 {[%emt 0:03:34]} 20. Bd2 {[%emt 0:03:23]} Qd7 {[%emt 0:00:09]} 21. h3 {[%emt 0:07:39]} Bd6 {[%emt 0:09:14]} 22. Qg4 {[%emt 0:00:19]} Qf7 {[%emt 0:00:08]} 23. Nh2 {[%emt 0:05:24]} Ng7 {[%emt 0:00:56]} 24. f4 {[%emt 0:01:59]} Qc7 {[%emt 0:00:42]} 25. b4 {[%emt 0:07:32]} Rae8 {[%emt 0:05:35]} 26. Nf1 {[%emt 0:02:21]} gxf4 {[%emt 0:04:34]} 27. Rf3 {[%emt 0:03:11]} Ne6 {[%emt 0:00:51]} 28. c3 {[%emt 0:00:27]} Rg8 {[%emt 0:10:10]} 29. Qf5 {[%emt 0:00:42]} Qg7 {[%emt 0:00:35]} 30. Rf2 {[%emt 0:01:37]} Ng5 {[%emt 0:01:16]} 31. Nh2 {[%emt 0:01:15]} Ne4 {[%emt 0:02:46]} 32. Ng4 {[%emt 0:00:03]} Nxf2 {[%emt 0:00:15]} 33. Kxf2 {[%emt 0:00:03]} Bb8 {[%emt 0:06:39]} 34. Qxf6 {[%emt 0:00:50]} h5 {[%emt 0:01:47]} 35. Qxg7+ {[%emt 0:01:13]} Rxg7 {[%emt 0:01:26]} 36. Nh2 {[%emt 0:00:08]} Rge7 {[%emt 0:03:46]} 37. Nf3 {[%emt 0:01:15]} Kh7 {[%emt 0:00:44]} 38. Rd1 {[%emt 0:00:16]} Kg6 {[%emt 0:01:30]} 39. Kf1 {[%emt 0:00:08]} Bc7 {[%emt 0:00:35]} 40. Ra1 {[%emt 0:00:00]} a6 {[%emt 0:00:00]} 41. Rd1 {[%emt 0:02:23]} Kf5 {[%emt 0:01:27]} 42. Nh4+ {[%emt 0:01:11]} Kf6 {[%emt 0:00:29]} 43. Nf3 {[%emt 0:00:03]} Ra8 {[%emt 0:01:44]} 44. Be1 {[%emt 0:01:48]} Ree8 {[%emt 0:00:09]} 45. Bd2 {[%emt 0:01:50]} a5 {[%emt 0:00:11]} 46. bxa5 {[%emt 0:00:33]} Rxa5 {[%emt 0:00:05]} 47. Ne1 {[%emt 0:00:14]} Ra2 {[%emt 0:07:10]} 48. Nd3 {[%emt 0:00:46]} Kf5 {[%emt 0:01:01]} 49. Kf2 {[%emt 0:01:17]} Rg8 {[%emt 0:00:07]} 50. Bc1 {[%emt 0:02:35]} Bd6 {[%emt 0:00:35]} 51. Ne1 {[%emt 0:05:07]} Ra1 {[%emt 0:00:24]} 52. Nf3 {[%emt 0:00:20]} Rga8 {[%emt 0:01:32]} 53. Ke2 {[%emt 0:01:08]} Re8+ {[%emt 0:00:54]} 54. Kf2 {[%emt 0:00:07]} b6 {[%emt 0:02:21]} 55. Nh4+ {[%emt 0:01:05]} Kf6 {[%emt 0:00:23]} 56. Nf3 {[%emt 0:00:07]} c5 {[%emt 0:00:56]} 57. Kf1 {[%emt 0:01:09]} Kf7 {[%emt 0:07:12]} 58. Ng5+ {[%emt 0:00:16]} Kg8 {[%emt 0:00:42]} 59. Nf3 {[%emt 0:00:09]} c4 {[%emt 0:02:38]} 60. Kf2 {[%emt 0:00:49]} b5 {[%emt 0:00:01]} 61. Rf1 {[%emt 0:01:33]} Ra2 {[%emt 0:01:20]} 62. Rd1 {[%emt 0:01:28]} b4 {[%emt 0:00:40]} 63. Kf1 {[%emt 0:00:43]} bxc3 {[%emt 0:00:43]} 64. bxc3 {[%emt 0:00:02]} Ra1 {[%emt 0:00:12]} 0-1

[Event "Polugaevsky Memorial 2018"]
[Site "Samara"]
[Date "2018.07.12"]
[Round "3"]
[White "Sidorov, Anatoly"]
[Black "Gaifullin, Artur"]
[Result "1-0"]
[WhiteElo "2302"]
[BlackElo "2448"]
[Annotator "TA"]
[PlyCount "95"]
[EventDate "2018.07.10"]
[EventType "swiss"]
[EventCountry "RUS"]
[SourceTitle "playchess.com"]
[Source "ChessBase"]
[SourceQuality "1"]

{[%evp 16,95,0,3,4,4,8,0,0,0,0,-1,18,16,16,16,13,0,-2,-9,-5,-16,-14,-13,0,0,13,0,0,0,28,0,17,-15,2,0,17,0,0,0,0,0,0,0,45,-35,-36,-43,-43,-35,-32,-15,-66,-26,6,12,12,12,196,127,172,57,244,264,703,328,530,8,30,8,8,16,14,13,29991,29992,29992,29993,29995,29996,29996,29997]} 1. Nf3 d5 2. b3 Nf6 3. Bb2 e6 4. e3 Be7 5. c4 O-O 6. Be2 dxc4 {A13: English Opening: 1...e6} 7. Bxc4 a6 8. Be2 c5 9. O-O {LiveBook: 7 Games} Nbd7 $146 ({Predecessor:} 9... b6 10. d4 cxd4 11. Nxd4 Bb7 12. Bf3 Bxf3 13. Qxf3 Qd5 14. Nd2 {½-½ (25) Tomashevsky,E (2714)-Bluebaum,M (2616) Berlin 2018}) 10. Qc2 b6 11. Rd1 Bb7 12. d3 Rc8 13. Nbd2 Qc7 14. Rac1 Qb8 15. Qb1 Rfd8 16. Nc4 b5 17. Nce5 Bd6 {[%cal Rd7e5]} 18. Qa1 Nxe5 19. Bxe5 Ng4 20. Bg3 h5 21. Rc2 Bxg3 22. hxg3 e5 23. Rdc1 Qd6 24. a4 b4 25. Qb2 Qe7 26. Nd2 Nf6 {[%cal Bg4f6,Bf6d5,Bd5c3][%mdl 32]} 27. Nc4 e4 28. dxe4 Bxe4 29. Rd2 Nd5 30. Rcd1 (30. f3 $14 Bf5 31. Rxd5 Rxd5 32. e4 Bxe4 33. fxe4 Qxe4 34. Bf3 Qd4+ 35. Qxd4 Rxd4 36. Ne5 (36. Bxh5 Re8 $14)) 30... Nc3 $15 31. Rxd8+ Rxd8 32. Rxd8+ Qxd8 33. Bxh5 Qd5 34. Bg4 Nxa4 35. Qa1 Nc3 36. Qxa6 f5 $2 (36... Bc2 $11) 37. Bh5 (37. Qc8+ $18 Kh7 38. Bh3) 37... Qc6 $16 {[#]} 38. Qa5 (38. Bf7+ $1 $18 {[%mdl 512]} Kh7 (38... Kxf7 39. Ne5+) 39. Qxc6 Bxc6 40. Ne5) 38... Qd5 $2 (38... Qa8 $1 $14) 39. Qc7 $18 Kh7 $2 (39... f4) 40. Qe7 (40. Ne5 $142) 40... f4 $2 (40... Qb7 41. Qxc5 g6) 41. Ne5 $2 ({Better is} 41. Bf7 $18 {Intending Qh4+ and mate.} Qd1+ 42. Kh2) 41... fxg3 ({Don't blunder} 41... Qxb3 $2 42. Qh4 $18) 42. fxg3 {Hoping for Bf7.} Qd2 $1 $132 {[%csl Ge4][%cal Rd2g2][%mdl 2048] Black puts up resistance} ({Not} 42... Qxb3 $2 43. Bf7 $18) 43. Nf3 Qxe3+ 44. Kh2 Kh6 $2 {[%mdl 8192]} (44... Nd5 $11 45. Qh4 Nf6) 45. Bf7 {[%cal Re7h4] White mates.} Kh7 46. Ng5+ Kh6 47. Ne6 {[%cal Re7h4]} Kh7 {[#]} 48. Bg8+ $1 {[%mdl 512] Precision: White = 45%, Black = 38%.} 1-0

[Event "Polugaevsky Memorial 2018"]
[Site "Samara"]
[Date "2018.07.12"]
[Round "3"]
[White "Muromtsev, Arthur"]
[Black "Iljushin, Alexei"]
[Result "1/2-1/2"]
[WhiteElo "2230"]
[BlackElo "2514"]
[Annotator "TA"]
[PlyCount "93"]
[EventDate "2018.07.10"]
[EventType "swiss"]
[EventCountry "RUS"]
[SourceTitle "playchess.com"]
[Source "ChessBase"]
[SourceQuality "1"]

{[%evp 13,93,-6,12,12,12,11,20,7,8,9,10,0,16,0,0,0,0,-78,-31,-147,-151,-141,-147,-198,-145,-147,-149,-149,-147,-145,-141,-144,-120,-109,-101,-118,-116,-109,-106,-147,-130,-162,-118,-365,-61,-92,-99,-208,-9,-40,0,-23,0,0,0,0,-6,-17,0,-63,-68,-92,-14,-31,0,-112,0,0,0,-10,0,0,0,0,0,0,44,47,47,47,54,16]} 1. e4 e5 2. Nf3 Nc6 3. Nc3 Nf6 4. a3 d5 5. Bb5 d4 (5... Nxe4 6. Qe2 Qd6 7. Nxe4 dxe4 8. Qxe4 Bd7 9. d3 O-O-O 10. O-O Re8 11. Qe2 Qg6 12. Be3 Bd6 {0-1 (55) Caruana,F (2816)-Kramnik,V (2792) Paris 2018}) 6. Ne2 {C47: Scotch Four Knights and Four Knights with 4 g3} Bd6 7. d3 Bd7 {LiveBook: 13 Games} 8. c3 {The position is equal.} dxc3 9. bxc3 O-O 10. O-O h6 11. Ng3 Re8 12. Re1 Na5 $146 ({Predecessor:} 12... a6) 13. Bxd7 Qxd7 14. d4 Rad8 15. Nf5 (15. Qd3 $11) 15... Bf8 (15... exd4 {is more complex.} 16. Nxg7 Rxe4 17. Nh5 Rxe1+ 18. Nxe1 Be7) 16. Qc2 (16. Ng3 $15) 16... exd4 $1 $17 17. cxd4 {[#]} Nxe4 $1 {[%mdl 512]} 18. Nxh6+ (18. Ne3 $17 {was called for.}) (18. Rxe4 Qxf5) 18... gxh6 $19 19. Rxe4 Rxe4 20. Qxe4 Nb3 21. Rb1 Nxd4 22. Bf4 Nxf3+ 23. gxf3 c6 (23... Bxa3 $6 24. Kh1 $11) 24. Kh1 f5 25. Qc4+ Kh7 26. a4 b6 27. Rc1 Bc5 28. Bxh6 $2 (28. Be5 $17 {was necessary.}) 28... Qd5 $2 (28... Bxf2 29. Qf1 $11) (28... Kxh6 $19 29. Qh4+ Kg7) 29. Qf4 Bd6 30. Qe3 (30. Qh4 $17 Qxf3+ 31. Kg1 Qg4+ 32. Qxg4 fxg4 33. Be3) 30... Rd7 $2 (30... f4 $1 $19 {[%cal Rf4e3]} 31. Bxf4 Rf8 32. Qe4+ (32. Bxd6 $2 Rxf3 33. Qe5 Rc3+ 34. Qxd5 Rxc1+ 35. Kg2 cxd5 $19) 32... Qxe4 33. fxe4 Rxf4 34. Rxc6 Bb4 35. Rc7+ Kg6) 31. Bg5 $1 $11 c5 $40 {[%mdl 128] Black has some attack.} (31... f4 $5 32. Qe4+ Qxe4 33. fxe4 Be5 $15) 32. h4 Qe5 {[%csl Gd6][%cal Re5h2]} (32... c4 {with more complications.} 33. Kg2 Be5 34. Rb1 Bg7 35. Rb5 Qf7) 33. Kg2 Qxe3 34. fxe3 {[%mdl 4096] Endgame Black must now prevent Rd1. KRB-KRB} Be5 35. f4 Bb2 36. Rc4 (36. Rc2 $11 Bg7 37. h5) 36... Kg6 $1 $15 37. e4 {[#]} fxe4 ({Black should try} 37... Rd2+ $1 $17 38. Kf3 Rd3+ 39. Ke2 Ra3 40. h5+ Kxh5 41. exf5 Bd4) 38. Rxe4 $11 Kf5 39. Re2 {[#]} (39. Kf3 $1 $11) 39... Bd4 (39... Bc1 $1 $17 40. Kg3 Rd3+ 41. Kf2 Rd4) 40. Kf3 $1 c4 41. Re8 c3 {...Rf7 is the strong threat.} 42. Rf8+ Kg6 {Hoping for ...Rc7.} 43. f5+ Kg7 44. Rc8 Bc5 45. h5 {[%cal Bh4h5,Bh5h6][%mdl 32] White is slightly better.} c2 46. h6+ Kh7 47. Ke4 {Precision: White = 47%, Black = 46%.} (47. a5 $5) 1/2-1/2

[Event "Polugaevsky Memorial 2018"]
[Site "Samara"]
[Date "2018.07.12"]
[Round "3"]
[White "Kulaev, Maxim"]
[Black "Mokshanov, Alexey"]
[Result "1/2-1/2"]
[WhiteElo "2075"]
[BlackElo "2430"]
[Annotator "TA"]
[PlyCount "80"]
[EventDate "2018.07.10"]
[EventType "swiss"]
[EventCountry "RUS"]
[SourceTitle "playchess.com"]
[Source "ChessBase"]
[SourceQuality "1"]

{[%evp 12,80,7,17,41,48,42,46,68,68,79,66,84,84,88,89,79,75,85,81,81,80,74,76,72,72,75,22,24,0,0,0,0,0,0,0,8,-3,-2,-9,0,-14,-9,-14,-12,-15,-5,-5,-5,-5,-5,-6,-6,-11,-7,-8,0,0,0,0,0,0,0,0,0,0,0,0,0,0,0]} 1. Nf3 Nf6 2. g3 b5 3. Bg2 Bb7 4. O-O e6 5. d3 d5 6. c3 {A05: Übergänge in verschiedene Eröffnungen} (6. c4 a6 7. cxd5 Nxd5 8. a4 Nd7 9. axb5 axb5 10. Rxa8 Qxa8 11. e4 N5f6 12. Nc3 c6 13. h3 Be7 14. Be3 {1-0 (69) Sjugirov,S (2652)-Esipenko,A (2571) Taganrog 2018}) 6... c5 7. a4 {LiveBook: 3 Partien} bxa4 $146 ({Vorgänger:} 7... b4 8. cxb4 cxb4 9. a5 a6 10. Nbd2 Be7 11. Nb3 O-O 12. Bd2 Nc6 13. Nfd4 Rb8 14. Nxc6 Bxc6 {½-½ (25) Juhasz,A (2406)-Wang,K (2323) Budapest 2016}) 8. Qxa4+ {Weiß steht etwas besser.} Bc6 9. Qa5 Bd6 10. Bf4 Bxf4 11. gxf4 Nbd7 12. b4 Qxa5 13. Rxa5 cxb4 14. cxb4 Ke7 15. Nbd2 a6 16. Nd4 Bb7 17. N2b3 Rhc8 18. Rb1 Rab8 19. Nd2 ({Besser ist} 19. Nc5 $16) 19... Ne8 $11 20. b5 axb5 {Die Stellung ist ausgeglichen.} 21. Raxb5 Nd6 22. R5b4 (22. R5b3 {is interesting.} g6 23. Kf1 Ra8 24. Rb4 Rc7 25. N2f3) 22... Ba8 23. Rxb8 Rxb8 24. Rxb8 Nxb8 25. e3 Nd7 26. N4f3 f6 27. d4 Bc6 28. Bf1 Bb5 29. Bxb5 Nxb5 {[%mdl 4096] Endspiel KSS-KSS} 30. Kg2 Nb6 31. Ne1 Nc4 32. Ndf3 h6 33. Nd3 g5 34. h3 Nc3 35. fxg5 hxg5 36. h4 gxh4 37. Nxh4 Kf7 38. Nf3 Ne4 39. Nf4 Nc3 40. Nd3 Ne4 {Precision: Weiß = 78%, Schwarz = 63%.} 1/2-1/2

[Event "Polugaevsky Memorial 2018"]
[Site "Samara"]
[Date "2018.07.13"]
[Round "4"]
[White "Fedorov, Alexey"]
[Black "Kuzmin, Egor"]
[Result "1/2-1/2"]
[WhiteElo "2572"]
[BlackElo "2278"]
[Annotator "TA"]
[PlyCount "70"]
[EventDate "2018.07.10"]
[EventType "swiss"]
[EventCountry "RUS"]
[SourceTitle "playchess.com"]
[Source "ChessBase"]
[SourceQuality "1"]

{[%evp 20,70,26,39,55,58,134,109,140,144,147,144,150,104,170,170,149,77,94,51,57,59,88,65,58,27,17,18,19,11,7,5,8,0,0,0,5,0,0,0,0,0,18,0,0,0,0,0,0,0,0,0,0]} 1. e4 c5 2. Nf3 d6 3. d4 cxd4 4. Nxd4 Nf6 5. Nc3 Nc6 6. Bc4 Bd7 7. Bb3 g6 8. Be3 Bg7 9. f3 O-O 10. h4 Qa5 11. Qd2 {LiveBook: 62 Games} Nxd4 {B77: Sicilian Dragon: Yugoslav Attack, 9 Bc4 sidelines} (11... Rfc8 12. O-O-O Ne5 13. g4 Rxc3 14. Qxc3 Qxc3 15. bxc3 Rc8 16. Kb2 Be8 17. h5 {½-½ (17) Todorovic,G (2462)-Bogosavljevic,B (2527) Pirot 2016}) 12. Bxd4 Rad8 $146 (12... Be6 $14) ({Predecessor:} 12... Be6 13. Bxe6 fxe6 14. O-O-O Rac8 15. Kb1 Rf7 16. Ne2 Qxd2 17. Rxd2 a6 18. a4 Bh6 19. Rd3 e5 20. Bc3 Nh5 21. g4 Nf4 22. Nxf4 Bxf4 {½-½ (55) Larrea,M (2289)-Granara Barreto,S (2164) Montevideo 2018}) 13. O-O-O e5 {White is better.} 14. Be3 Be6 15. Kb1 Rd7 16. h5 Bxb3 (16... Nxh5 $16 17. Bh6 Bxh6 18. Qxh6 Qc7) 17. axb3 $18 Rc8 18. Nd5 (18. g4 $142) 18... Qxd2 $16 19. Rxd2 (19. Nxf6+ {is more complex.} Bxf6 20. Rxd2 b6 21. g4 Be7 22. c3) 19... Nxd5 20. Rxd5 b6 21. Rhd1 Bf8 22. Rxe5 {Threatens to win with Red5.} Rdc7 23. Red5 {[#] And now c3 would win.The position is equal.} Rxc2 24. R5d2 Rxd2 25. Rxd2 $11 {[%mdl 4096] Endgame KRB-KRB} f6 26. Rd5 Kf7 27. g4 Be7 28. b4 Ke6 29. b5 Rc4 30. Bd4 Bf8 31. Be3 Be7 32. Bf2 Bf8 33. Be3 Be7 34. Bf2 Bf8 35. Be3 Be7 {Precision: White = 34%, Black = 61%.} 1/2-1/2

[Event "Polugaevsky Memorial 2018"]
[Site "Samara"]
[Date "2018.07.13"]
[Round "4"]
[White "Frolyanov, Dmitry"]
[Black "Volovich, Vasily"]
[Result "1/2-1/2"]
[WhiteElo "2540"]
[BlackElo "2244"]
[Annotator "TA"]
[PlyCount "87"]
[EventDate "2018.07.10"]
[EventType "swiss"]
[EventCountry "RUS"]
[SourceTitle "playchess.com"]
[Source "ChessBase"]
[SourceQuality "1"]

{[%evp 24,87,-10,-11,0,-4,-9,-10,0,0,35,0,0,-92,-56,-126,-89,-108,-115,-404,0,0,0,0,0,0,0,0,0,0,0,0,0,0,0,0,0,0,0,0,0,0,0,0,0,0,0,0,0,0,0,0,0,0,0,0,0,0,0,0,0,0,0,0,0,0]} 1. e4 e6 2. d4 d5 3. Nc3 Bb4 4. e5 Ne7 5. a3 Bxc3+ 6. bxc3 c5 7. Qg4 O-O 8. Bd3 f5 9. exf6 Rxf6 10. Qh5 h6 11. Nf3 {C18: French: 3 Nc3 Bb4: Main line: 7 h4 and 7 Qg4} (11. g4 Nbc6 12. g5 g6 13. Qxh6 Rf7 14. Bxg6 Rg7 15. Bd3 e5 16. dxc5 Qa5 17. Bb2 e4 18. Be2 Ng6 19. h4 {½-½ (46) Predke,A (2508)-Safarli,E (2663) Moscow 2016}) 11... c4 12. Be2 Nbc6 13. g4 {[%cal Bg2g4,Bg4g5][%mdl 32] LiveBook: 4 Games} Qf8 14. g5 g6 15. Qh3 e5 16. Qg2 $146 Rf7 17. gxh6 exd4 18. h4 (18. cxd4 $11 {remains equal.} Bf5 19. Ng5 Nxd4 20. Bd1) 18... Bf5 $17 {[#] aiming for ...Be4.} ({Of course not} 18... dxc3 $6 19. h5 $11) 19. h5 (19. Ng5 $15) 19... Be4 {[%cal Rf7f3]} (19... Bxc2 20. Nh4 $15) (19... dxc3 20. hxg6 Bxg6 21. Nh4 $14) 20. hxg6 Nxg6 {Hoping for ...Re8.} 21. Rh4 $2 {[%mdl 8192]} (21. cxd4 $17 {is the only way for White.} Rxf3 22. Bxf3 Qxf3 23. Qxf3 Bxf3 24. Rg1) 21... Bxf3 $2 ({Inferior is} 21... Rxf3 22. Rxe4 dxe4 23. Bxf3 $14) (21... Qe7 $19 22. Kf1 {[#]} Qxh4 $1 {[%mdl 512]} 23. Nxh4 Bxg2+ 24. Nxg2 Raf8) 22. Qxg6+ $11 {The position is equal.} Kh8 23. Qg7+ $1 Qxg7 ({But not} 23... Rxg7 $6 24. hxg7+ Kxg7 25. Bh6+ Kg8 26. Bxf8 $16) 24. hxg7+ Kxg7 25. cxd4 Rh8 26. Rxh8 Kxh8 27. Be3 Bxe2 28. Kxe2 {[%mdl 4096] Endgame KRB-KRN} Kg7 29. Rh1 Ne7 30. Rg1+ Kf6 31. Bg5+ Kf5 32. Bxe7 Rxe7+ {KR-KR} 33. Kd2 Rf7 34. Re1 Kg4 35. Re5 Rxf2+ 36. Kc3 Rf3+ 37. Kb2 Kf4 38. a4 b6 39. Rxd5 Ke4 40. Rd7 a6 41. Rd6 b5 42. Rxa6 bxa4 43. Rxa4 Kxd4 44. Ra8 $1 {Precision: White = 64%, Black = 82%.} 1/2-1/2

[Event "Polugaevsky Memorial 2018"]
[Site "Samara"]
[Date "2018.07.13"]
[Round "4"]
[White "Iljushin, Alexei"]
[Black "Mukhin, Alexander"]
[Result "0-1"]
[WhiteElo "2514"]
[BlackElo "2167"]
[Annotator "RC"]
[PlyCount "126"]
[EventDate "2018.07.10"]
[EventType "swiss"]
[EventCountry "RUS"]
[SourceTitle "playchess.com"]
[Source "ChessBase"]
[SourceQuality "1"]
[TimeControl "40/5400+30:1800+30"]

1. d4 {[%emt 0:00:00]} Nf6 {[%emt 0:00:00]} 2. c4 {[%emt 0:00:00]} e6 {[%emt 0:00:00]} 3. g3 {[%emt 0:00:00]} d5 {[%emt 0:00:00]} 4. Bg2 {[%emt 0:00:00]} Be7 {[%emt 0:00:00]} 5. Nf3 {[%emt 0:00:08]} O-O {[%emt 0:00:12]} 6. O-O {[%emt 0:00:14]} c5 {[%emt 0:00:19]} 7. cxd5 {[%emt 0:00:11]} Nxd5 {[%emt 0:00:42]} 8. e4 {[%emt 0:01:32]} Nf6 {[%emt 0:00:20]} 9. e5 {[%emt 0:02:51]} Nd5 {[%emt 0:00:12]} 10. a3 {[%emt 0:05:45]} a5 {[%emt 0:03:22]} 11. dxc5 {[%emt 0:05:32]} Bxc5 {[%emt 0:00:21]} 12. Ng5 {[%emt 0:01:26]} Be7 {[%emt 0:04:24]} 13. Qh5 {[%emt 0:02:47]} Bxg5 {[%emt 0:07:48]} 14. Bxg5 {[%emt 0:01:32]} Qc7 {[%emt 0:04:30]} 15. Re1 {[%emt 0:03:11]} Nc6 {[%emt 0:10:35]} 16. Nc3 {[%emt 0:02:27]} Nxc3 {[%emt 0:02:10]} 17. bxc3 {[%emt 0:03:41]} Ne7 {[%emt 0:02:45]} 18. Rad1 {[%emt 0:03:40]} Ng6 {[%emt 0:01:40]} 19. h4 {[%emt 0:04:44]} a4 {[%emt 0:02:30]} 20. Qe2 {[%emt 0:14:11]} Ra5 {[%emt 0:01:30]} 21. Qd2 {[%emt 0:00:20]} Rxe5 {[%emt 0:01:18]} 22. h5 {[%emt 0:01:34]} Rxe1+ {[%emt 0:01:59]} 23. Rxe1 {[%emt 0:00:11]} Ne7 {[%emt 0:01:15]} 24. h6 {[%emt 0:00:49]} Rd8 {[%emt 0:03:08]} 25. Qb2 {[%emt 0:02:04]} f6 {[%emt 0:03:41]} 26. Be3 {[%emt 0:01:48]} Nd5 {[%emt 0:03:09]} 27. Bd4 {[%emt 0:03:06]} e5 {[%emt 0:03:26]} 28. c4 {[%emt 0:02:17]} Qxc4 {[%emt 0:01:20]} 29. Bxe5 {[%emt 0:03:33]} fxe5 {[%emt 0:03:32]} 30. Qxe5 {[%emt 0:00:15]} Nf6 {[%emt 0:01:39]} 31. hxg7 {[%emt 0:00:21]} Qf7 {[%emt 0:00:55]} 32. Qa5 {[%emt 0:01:36]} Re8 {[%emt 0:01:40]} 33. Rc1 {[%emt 0:00:35]} Qd7 {[%emt 0:03:23]} 34. Bf3 {[%emt 0:01:34]} Qd3 {[%emt 0:02:16]} 35. Rc3 {[%emt 0:06:12]} Qd2 {[%emt 0:00:31]} 36. Qc5 {[%emt 0:01:02]} Qh6 {[%emt 0:01:39]} 37. Re3 {[%emt 0:00:44]} Qg6 {[%emt 0:01:49]} 38. Re5 {[%emt 0:05:42]} b6 {[%emt 0:02:34]} 39. Rxe8+ {[%emt 0:06:03]} Qxe8 {[%emt 0:00:09]} 40. Qxb6 {[%emt 0:00:00]} Kxg7 {[%emt 0:00:00]} 41. Qd4 {[%emt 0:00:58]} Bd7 {[%emt 0:00:55]} 42. Qc3 {[%emt 0:01:38]} Qe6 {[%emt 0:00:41]} 43. Ba8 {[%emt 0:00:53]} Qe7 {[%emt 0:00:43]} 44. Bf3 {[%emt 0:01:08]} h6 {[%emt 0:00:08]} 45. Ba8 {[%emt 0:00:21]} Qd6 {[%emt 0:00:16]} 46. Bf3 {[%emt 0:00:20]} Be6 {[%emt 0:00:08]} 47. Qc1 {[%emt 0:01:05]} Bb3 {[%emt 0:00:12]} 48. Be2 {[%emt 0:03:06]} Qe5 {[%emt 0:00:15]} 49. Bf3 {[%emt 0:00:49]} Bd5 {[%emt 0:00:16]} 50. Bxd5 {[%emt 0:01:09]} Qxd5 {[%emt 0:00:11]} 51. Qc7+ {[%emt 0:00:29]} Kg6 {[%emt 0:00:13]} 52. Qc2+ {[%emt 0:00:23]} Qe4 {[%emt 0:00:02]} 53. Qc1 {[%emt 0:00:20]} Nd7 {[%emt 0:00:21]} 54. Qc8 {[%emt 0:00:36]} Qe1+ {[%emt 0:00:19]} 55. Kg2 {[%emt 0:00:17]} Nf6 {[%emt 0:00:08]} 56. g4 {[%emt 0:02:47]} Qd2 {[%emt 0:00:49]} 57. Kg3 {[%emt 0:04:29]} Qd6+ {[%emt 0:00:25]} 58. f4 {[%emt 0:00:58]} Qxa3+ {[%emt 0:00:05]} 59. Kh4 {[%emt 0:00:07]} Qa2 {[%emt 0:02:04]} 60. f5+ {[%emt 0:01:47]} Kg7 {[%emt 0:00:08]} 61. Qb7+ {[%emt 0:01:54]} Qf7 {[%emt 0:00:05]} 62. Qb4 {[%emt 0:00:30]} Qa7 {[%emt 0:00:23]} 63. Qd2 {[%emt 0:01:13]} Qg1 {[%emt 0:00:15]} 0-1

[Event "Polugaevsky Memorial 2018"]
[Site "Samara"]
[Date "2018.07.13"]
[Round "4"]
[White "Burmakin, Vladimir"]
[Black "Shaposhnikov, Evgeny"]
[Result "1/2-1/2"]
[WhiteElo "2490"]
[BlackElo "2572"]
[Annotator "TA"]
[PlyCount "41"]
[EventDate "2018.07.10"]
[EventType "swiss"]
[EventCountry "RUS"]
[SourceTitle "playchess.com"]
[Source "ChessBase"]
[SourceQuality "1"]

{[%evp 22,41,35,11,48,22,35,18,103,100,87,91,115,88,90,70,86,0,88,0,95,0]} 1. d4 Nf6 2. c4 e6 3. Nf3 b6 4. g3 Bb4+ 5. Bd2 c5 6. Bg2 Bb7 7. O-O O-O 8. dxc5 {E16: Queen's Indian: 4 g3 Bb7 5 Bg2 Bb4+} (8. Bxb4 cxb4 9. Qd3 d6 10. Nbd2 Qe7 11. e4 e5 12. Ne1 Nc6 13. Nc2 a5 14. Rfe1 Rfe8 15. Rad1 Nd7 16. Nf1 Red8 17. Nfe3 g6 18. b3 Nxd4 19. Nxd4 exd4 20. Qxd4 {½-½ (45) Ding,L (2777)-Ponkratov,P (2613) Riadh 2017}) 8... Bxc5 9. Nc3 Na6 10. Bf4 Be7 11. Rc1 Nc5 12. Qc2 {LiveBook: 8 Games} Nh5 $146 ({Predecessor:} 12... Qc8 13. Rfd1 Nce4 14. Nd4 Nxc3 15. Qxc3 Bxg2 16. Kxg2 {1-0 (34) El Gindy,E (2524)-Rizouk,A (2499) Lusaka 2005}) 13. Be3 f5 14. Rcd1 f4 (14... Qc7 $11 {keeps the balance.}) 15. Bd4 $16 fxg3 16. hxg3 a5 17. Be5 Bf6 18. Bd6 Be7 19. Be5 Bf6 $1 20. Bd6 Be7 21. Be5 (21. Nb5 $16) 1/2-1/2